000
00283nam a2200109Ia 4500
008
190914s9999||||xx |||||||||||||| ||und||
100
_a
Borgna Brunner
245
0
_a
Time Almanac 2004 : With Information Please
260
_a
New Delhi
_b
Bantam Books
_c
2001
300
_a
264
942
_c
BK
999
_c
9069
_d
9069